|
|
|
|
| LEADER |
00817cam a2200241 a 4500 |
| 001 |
0000071456 |
| 005 |
20110322090000.0 |
| 040 |
|
|
|a mod
|
| 041 |
|
|
|a eng
|
| 020 |
0 |
0 |
|a 8170491126
|
| 090 |
0 |
0 |
|a 327.095491
|b PAK
|e 2003
|
| 245 |
1 |
0 |
|a Pakistan after 9/11
|c edited by Sreedhar
|
| 260 |
0 |
0 |
|a New Delhi
|b Manas Publ.
|c 2003
|
| 300 |
0 |
0 |
|a 374 p.
|c 22 cm.
|
| 500 |
0 |
0 |
|a Includes bibliographical references and index
|
| 650 |
0 |
0 |
|a Islamic fundamentalism
|z Pakistan
|
| 650 |
0 |
0 |
|a Pakistan
|x Politics and government
|y 1988-
|
| 650 |
0 |
0 |
|a India
|x Foreign relations
|z Pakistan
|
| 650 |
0 |
0 |
|a Pakistan
|x Foreign relations
|z India
|
| 700 |
1 |
1 |
|a Sreedhar
|
| 852 |
0 |
0 |
|a 01
|
| 999 |
|
|
|a 0224680
|b KEMENTAH
|d BOOKS
|e Umum
|f Perpustakaan KEMENTAH
|j WEEDED
|q GOOD CONDITION
|
| 999 |
|
|
|a 0228726
|b INSKEP(SITU)
|d BOOKS
|e Umum
|f INSKEP (SITU)
|j AVAILABLE
|q GOOD CONDITION
|